Robin Hood / (Registro nro. 4596)

Detalles MARC
000 -LEADER
fixed length control field 00805nam a2200217Ia 4500
003 - CONTROL NUMBER IDENTIFIER
control field OSt
005 - DATE AND TIME OF LATEST TRANSACTION
control field 20250612111817.0
008 - FIXED-LENGTH DATA ELEMENTS--GENERAL INFORMATION
fixed length control field 191128q2000 ck er 000 f spa d
020 ## - INTERNATIONAL STANDARD BOOK NUMBER
International Standard Book Number 8482807439
040 ## - CATALOGING SOURCE
Original cataloging agency CO-JMCR
Transcribing agency CO-JMCR
041 ## - LANGUAGE CODE
Language code of text/sound track or separate title spa
082 04 - DEWEY DECIMAL CLASSIFICATION NUMBER
Classification number J-N
Item number SCOr
100 1# - MAIN ENTRY--PERSONAL NAME
Personal name Scott, Walter,
Relator term autor
9 (RLIN) 8117
245 10 - TITLE STATEMENT
Title Robin Hood /
Statement of responsibility, etc. Walter Scott
260 ## - PUBLICATION, DISTRIBUTION, ETC.
Place of publication, distribution, etc. Bogotá :
Name of publisher, distributor, etc. Oveja Negra,
Date of publication, distribution, etc. [2000?]
300 ## - PHYSICAL DESCRIPTION
Extent 154 páginas ;
Dimensions 20 cm.
490 ## - SERIES STATEMENT
Series statement Biblioteca de aventuras
520 ## - SUMMARY, ETC.
Summary, etc. Robin Hood es la figura más famosa de las baldas populares inglesas, que Walter Scott utilizaría para la novela que lleva su nombre y a la que el cine posteriormente daría una gran popularidad en su última versión interpretado por el autor Kevin Costner
650 14 - SUBJECT ADDED ENTRY--TOPICAL TERM
Topical term or geographic name entry element Novela
9 (RLIN) 8305
942 ## - ADDED ENTRY ELEMENTS (KOHA)
Source of classification or shelving scheme Dewey Decimal Classification
Koha item type Books
Existencias
Withdrawn status Lost status Source of classification or shelving scheme Damaged status Not for loan Collection code Home library Current library Date acquired Source of acquisition Total Checkouts Full call number Barcode Date last seen Date last checked out Copy number Koha item type
    Dewey Decimal Classification     Fiction Biblioteca Pública José María del Castillo y Rada Biblioteca Pública José María del Castillo y Rada 11/28/2019 Donación 1 J-N SCOr 201811814 10/10/2023 10/10/2023 Ej.1 Books